| 000 | 00364 a2200169 4500 | ||
|---|---|---|---|
| 001 | 183059 | ||
| 020 | _a85-00-00183-6 | ||
| 040 | _cMagnum | ||
| 100 | _aRibeiro, João Ubaldo | ||
| 240 | 1 | 0 |
_aHistórias pitorescas _lpor |
| 245 | 1 | 0 | _aHistórias pitorescas |
| 300 | _a95 | ||
| 362 | 0 | _a1997 | |
| 440 | 1 | _aEdiouro | |
| 697 | _aLITERATURA GERAL | ||
| 942 | _cBK | ||
| 999 |
_c183059 _d183059 |
||